Quizzes
Events
Quiz Creation
Community
Videos
Private Events
Remove Ads
Sign In
Join for FREE
Feedback
Dark Mode
Quiz Categories
Sports
Geography
Music
Movies
Television
Just For Fun
Miscellaneous
History
Literature
Language
Science
Gaming
Entertainment
Religion
Holiday
For Kids
Quiz Lab
Recent
Popular Today
Quiz Kudos Today
Editor Picks
Curator Picks
Quizzes by...
Day
Popularity
Type
Ratings
Length
Year
Community
Subscriptions
Recent Discussions
Orange Saloon
Badges
Playlists
Quests
Create
Leaderboards
Showdown
Live 5
Trivia Bingo
Activity
Puzzle Library
Sporcle Events
Private Events
Virtual Trivia
Globe League
Become a Host
Pub Owners
SporcleCon
Opinionation
Our Games
Videos
Blog
Mobile Apps
Partnerships
Remove Ads and Go Orange
Feedback
Sports
Athletes
MLB
NBA
NHL
NFL
Soccer
Sports Teams
WWE
NCAA
Football
Premier League
Basketball
Baseball
Hockey
Golf
Tennis
Cricket
Rugby
Auto Racing
Olympics
World Cup
Sports
Athletes
MLB
NBA
NHL
NFL
Soccer
Sports Teams
WWE
NCAA
Football
Premier League
Basketball
Baseball
Hockey
Golf
Tennis
Cricket
Rugby
Auto Racing
Olympics
World Cup
Random Quiz
Search Sporcle
×
Quiz Lab
Quiz Lab
Sports
Soccer
Type in answers that appear in a list
Type in answers that appear in a list
Classic
Best Score? Go Orange.
Real Madrid Scorers 2010-2011 Stats
Can you name the Real Madrid Scorers 2010-2011?
By
SporcleEXP
5m
166 Questions
2,765 Plays
2,765 Plays
2,765 Plays
Comments
Comments
Give Quiz Kudos
Give Quiz Kudos
-
- Ratings
hide this ad
Replay
Link that replays current quiz
Next Quiz
Link to next quiz in quiz playlist
You Got
0%
They Got
Avg Score
83%
Avg Friend Score
Upgrade to see
Score Distribution
Jump to the score distribution portion of the page
Score
0/166
Timer
05:00
0
Plays Today
Competition
Name
% Correct
Pre -
Season Friendly
Cristiano Ronaldo
99.9%
Beckenbauer Cup
Cristiano Ronaldo (Penalty Shootout)
99.9%
La Liga
Cristiano Ronaldo
99.9%
La Liga
Cristiano Ronaldo
99.9%
La Liga
Cristiano Ronaldo
99.9%
La Liga
Cristiano Ronaldo
99.9%
La Liga
Cristiano Ronaldo
99.9%
La Liga
Cristiano Ronaldo
99.9%
La Liga
Cristiano Ronaldo
99.9%
La Liga
Cristiano Ronaldo
99.9%
La Liga
Cristiano Ronaldo
99.9%
La Liga
Cristiano Ronaldo
99.9%
La Liga
Cristiano Ronaldo
99.9%
La Liga
Cristiano Ronaldo
99.9%
La Liga
Cristiano Ronaldo
99.9%
La Liga
Cristiano Ronaldo
99.9%
La Liga
Cristiano Ronaldo
99.9%
La Liga
Cristiano Ronaldo
99.9%
La Liga
Cristiano Ronaldo
99.9%
La Liga
Cristiano Ronaldo
99.9%
La Liga
Cristiano Ronaldo
99.9%
La Liga
Cristiano Ronaldo
99.9%
La Liga
Cristiano Ronaldo
99.9%
La Liga
Cristiano Ronaldo
99.9%
La Liga
Cristiano Ronaldo
99.9%
La Liga
Cristiano Ronaldo
99.9%
La Liga
Cristiano Ronaldo
99.9%
La Liga
Cristiano Ronaldo
99.9%
UEFA Champions League
Cristiano Ronaldo
99.9%
UEFA Champions League
Cristiano Ronaldo
99.9%
UEFA Champions League
Cristiano Ronaldo
99.9%
UEFA Champions League
Cristiano Ronaldo
99.9%
UEFA Champions League
Cristiano Ronaldo
99.9%
Copa del Rey
Cristiano Ronaldo
99.9%
Copa del Rey
Cristiano Ronaldo
99.9%
Copa del Rey
Cristiano Ronaldo
99.9%
Copa del Rey
Cristiano Ronaldo
99.9%
Copa del Rey
Cristiano Ronaldo
99.9%
Copa del Rey
Cristiano Ronaldo
99.9%
Beckenbauer Cup
Karim Benzema (Penalty Shootout)
97.4%
Ciudad de Alicante Trophy
Karim Benzema
97.4%
Ciudad de Alicante Trophy
Karim Benzema
97.4%
La Liga
Karim Benzema
97.4%
La Liga
Karim Benzema
97.4%
La Liga
Karim Benzema
97.4%
La Liga
Karim Benzema
97.4%
La Liga
Karim Benzema
97.4%
La Liga
Karim Benzema
97.4%
La Liga
Karim Benzema
97.4%
UEFA Champions League
Karim Benzema
97.4%
UEFA Champions League
Karim Benzema
97.4%
UEFA Champions League
Karim Benzema
97.4%
UEFA Champions League
Karim Benzema
97.4%
UEFA Champions League
Karim Benzema
97.4%
Copa del Rey
Karim Benzema
97.4%
Copa del Rey
Karim Benzema
97.4%
Competition
Name
% Correct
Copa del Rey
Karim Benzema
97.4%
Copa del Rey
Karim Benzema
97.4%
Copa del Rey
Karim Benzema
97.4%
UEFA Champions League
Cristiano Ronaldo
96.7%
La Liga
Cristiano Ronaldo
96.5%
UEFA Champions League
Cristiano Ronaldo
96.2%
La Liga
Karim Benzema
96.1%
La Liga
Karim Benzema
96.1%
La Liga
Karim Benzema
95.8%
La Liga
Karim Benzema
95.8%
La Liga
Cristiano Ronaldo
95.7%
UEFA Champions League
Karim Benzema
95.6%
Copa del Rey
Cristiano Ronaldo
95.5%
La Liga
Karim Benzema
95.5%
La Liga
Cristiano Ronaldo
94.2%
La Liga
Cristiano Ronaldo
94.1%
La Liga
Cristiano Ronaldo
94.1%
La Liga
Cristiano Ronaldo
94.1%
La Liga
Cristiano Ronaldo
94.1%
La Liga
Cristiano Ronaldo
94.1%
La Liga
Cristiano Ronaldo
94.1%
La Liga
Sergio Ramos
93.8%
Copa del Rey
Sergio Ramos
93.8%
La Liga
Cristiano Ronaldo
93.7%
La Liga
Cristiano Ronaldo
93.7%
Benefit Match
Cristiano Ronaldo
93.4%
La Liga
Cristiano Ronaldo
93.3%
La Liga
Cristiano Ronaldo
93.3%
La Liga
Karim Benzema
93.1%
La Liga
Karim Benzema
92.4%
La Liga
Karim Benzema
91.8%
Benefit Match
Karim Benzema
91.2%
La Liga
Karim Benzema
91.1%
La Liga
Karim Benzema
91.1%
La Liga
Sergio Ramos
89%
La Liga
Sergio Ramos
88.5%
La Liga
Marcelo
85.7%
La Liga
Marcelo
85.7%
La Liga
Pepe
85.2%
Pre -
Season Friendly
Gonzalo Higuain
85%
Pre -
Season Friendly
Gonzalo Higuain
85%
Pre -
Season Friendly
Gonzalo Higuain
85%
La Liga
Gonzalo Higuain
85%
La Liga
Gonzalo Higuain
85%
La Liga
Gonzalo Higuain
85%
La Liga
Gonzalo Higuain
85%
La Liga
Gonzalo Higuain
85%
La Liga
Gonzalo Higuain
85%
UEFA Champions League
Gonzalo Higuain
85%
Copa del Rey
Gonzalo Higuain
85%
UEFA Champions League
Marcelo
84.4%
La Liga
Mesut Ozil
82.2%
La Liga
Mesut Ozil
82.2%
La Liga
Mesut Ozil
82.2%
La Liga
Mesut Ozil
82.2%
La Liga
Mesut Ozil
82.2%
Competition
Name
% Correct
UEFA Champions League
Mesut Ozil
82.2%
Copa del Rey
Mesut Ozil
82.2%
Copa del Rey
Mesut Ozil
82.2%
Copa del Rey
Mesut Ozil
82.2%
UEFA Champions League
Marcelo
81.1%
La Liga
Gonzalo Higuain
80.7%
La Liga
Gonzalo Higuain
80.7%
La Liga
Gonzalo Higuain
80.7%
Ciudad de Alicante Trophy
Angel di Maria
80.6%
Bernabeu Trophy
Angel di Maria
80.6%
La Liga
Angel di Maria
80.6%
La Liga
Angel di Maria
80.6%
La Liga
Angel di Maria
80.6%
La Liga
Angel di Maria
80.6%
La Liga
Angel di Maria
80.6%
La Liga
Angel di Maria
80.6%
UEFA Champions League
Angel di Maria
80.6%
La Liga
Marcelo
80.5%
La Liga
Mesut Ozil
80.4%
UEFA Champions League
Angel di Maria
79.1%
Beckenbauer Cup
Xabi Alonso (Penalty Shootout)
79.1%
Copa del Rey
Xabi Alonso
79.1%
UEFA Champions League
Angel di Maria
78%
La Liga
Kaka
75.5%
La Liga
Kaka
75.5%
La Liga
Kaka
72.7%
La Liga
Kaka
72.7%
La Liga
Kaka
71.6%
La Liga
Kaka
71.6%
La Liga
Kaka
70.5%
UEFA Champions League
Alvaro Arbeloa
62.6%
La Liga
Ricardo Carvalho
52.3%
La Liga
Ricardo Carvalho
52.3%
La Liga
Ricardo Carvalho
52.3%
La Liga
Emmanuel Adebayor
50.3%
Copa del Rey
Emmanuel Adebayor
50.3%
La Liga
Emmanuel Adebayor
49.4%
UEFA Champions League
Emmanuel Adebayor
47.7%
UEFA Champions League
Emmanuel Adebayor
47.7%
La Liga
Emmanuel Adebayor
44.8%
La Liga
Emmanuel Adebayor
44.8%
La Liga
Emmanuel Adebayor
44.8%
La Liga
Esteban Granero
35.3%
Copa del Rey
Esteban Granero
35.3%
Pre -
Season Friendly
Pedro Leon
30.9%
UEFA Champions League
Pedro Leon
30.9%
Copa del Rey
Pedro Leon
30.9%
Pre -
Season Friendly
Sergio Canales
27.5%
Beckenbauer Cup
Rafael van der Vaart
20.3%
Pre -
Season Friendly
Rafael van der Vaart
20.3%
Bernabeu Trophy
Rafael van der Vaart
20.3%
La Liga
Mato Joselu
12.5%
UEFA Champions League
Vurnon Anita (OG)
7.9%
La Liga
Ze Castro (OG)
7.8%
Quiz Playlist
Details
Report
Send in Message
Add To Playlist
Classic:
Type in answers that appear in a list
Last Updated: Sep 26, 2018
Quiz Scoreboard
CHALLENGE
Sign Up to Join the Scoreboard
Show All
Scores
Hide
Comments
May contain spoilers
Recently Published
1-10 Letter E Words III
by El_Dandy
Language
2m
One Thing in Common: World Cities II
by knightlancer
Geography
7m
Popular People in 1961
by mucciniale
History
6m
More to Explore
Quiz From the Vault
Featured Blog Post
Where Did the Easter Bunny Come From?
hide this ad
You Might Also Like...
Tags
Soccer Quiz
La Liga
Madrid
Real Madrid
Spain
Today's Top Quizzes in Sports
Browse Sports
hide this ad
Today's Top Quizzes in Soccer
Browse Soccer
Top Contributed Quizzes in Sports
1
2022 World Cup Stars
2
Les entraîneurs de l'OM et du PSG au 21e siècle
3
FIFA Club World Cup Champions
4
Criteria MLB: Left Handed Sluggers
5
Les meilleurs buteurs des matchs entre le PSG et l’OM
6
Name the Premier League winners with different clubs
7
Players with Multiple 50 Home Run Seasons
8
MLB Players with Two .350 Batting Average Seasons
9
La finale Lions - Afrique du Sud 2021
10
MLB Hall of Famer by Rings
Explore More
Trending Topics
Disney
Kpop
NBA
Harry Potter
Anime
Marvel
Crossword
WWE
Soccer
Pokémon
The Office
Puzzle
Song
Country
NFL
hide this ad
More By:
SporcleEXP
Quiz
Plays
Rating
Category
Featured
Created
Harry Potter Deaths in Order Minefield
3,067,927
4.18
Literature
Jan 27, 2016
Sins, Dwarfs, and Spice Girls
847,242
4.42
Just For Fun
Apr 11, 2012
Ancient History Bunker
707,998
4.28
History
Jan 20, 2014
Movie Posters VI
678,960
4.37
Movies
Nov 12, 2010
Movie Posters VII
621,786
4.44
Movies
Apr 16, 2011
Go to Creator's Profile
Score Distribution
Quiz Creator Spotlight
SporcleEXP
Follow
Send a Message
Quizzes Created
-
Created Quiz Play Count
-
More By This Creator
Popular Quizzes Today
1
Find the US States - No Outlines Minefield
2
The Countries of the World
3
Popular People in 1961
4
Find the Countries of Europe - No Outlines Minefield
5
1-10 Letter E Words III
6
Find the US States
7
One Thing in Common: World Cities II
8
US States
More Sports Quizzes
Spain vs France Last 5 XI's
Quiz Lab
Trending Quizzes
1-10 Letter F Words
One Thing in Common: Music
1-10 Letter G Words
Risky Map Clicking: Next State Alphabetically
1-10 Letter F Words II
Recently Updated
Leaping Animals
pecheneg
Reality TV Shows (A-Z)
bhenderson79
Rickey Henderson's Hall of Fame Teammates
pecheneg
Champions League XIs: Arsenal
pecheneg
Quick Pick: Celebrities in WWE's Hall of Fame
aduchscher
A-Z Keypad Blitz II
pecheneg
Multiple Oscar Actors
pecheneg
Mystery Phrase Blitz: Oscar 'Best Actors'
pecheneg
F. Scott Fitzgerald Novels
LTH
Pick 3 Villains
ddd62291
Trending Topics
Marvel
Crossword
Harry Potter
Disney
Anime
Kpop
NBA
Country
Puzzle
The Office
Pokémon
WWE
Song
NFL
Soccer
Your Account Isn't Verified!
In order to create a playlist on Sporcle, you need to verify the email address you used during registration. Go to your
Sporcle Settings
to finish the process.
Report this User
Report this user for behavior that violates our
Community Guidelines
.
Details:
Send Report
Go to the Sporcle.com Mobile Site →
Comments